| 000 | 00906 a2200205 4500 | ||
|---|---|---|---|
| 001 | 32083 | ||
| 005 | 20260407155621.0 | ||
| 008 | 260407a1956 arg spa d | ||
| 003 | AR-UNSa-BCEJYS | ||
| 040 |
_aAR-UNSa-BCEJYS _bspa _cAR-UNSa-BCEJYS |
||
| 080 |
_a658 _xAdministración de empresas. Organización comercial |
||
| 245 | 1 | 0 |
_aAdministración industrial y general _pprevisión, organización, mando, coordinación, control |
| 264 | 1 |
_aBuenos Aires : _bEl Ateneo _c1956 |
|
| 300 |
_a246 p. _c23 cm. |
||
| 505 | _a1. Definición dela administración - 2. Importancia relativa de las diversas capacidades que forman el valor del personal de las empresas - 3. Principios y elementos de adminstración - 4. Elementos de administración - 5. Desarrollo de la doctrina de fayol. | ||
| 942 | _cBK | ||
| 590 | _aniveau_biblio:m niveau_hierar:0 | ||
| 100 | 1 | _aFayol, Henri | |
| 700 | 1 | _aDimitriu, Constantino | |
| 999 |
_c2245 _d2245 |
||